30 biggest European cities by letter (with a map) -T - Statistics

General Stats
  • This quiz has been taken 964 times
    914 since last reset
  • The average score is 17 of 30
Answers on the Map
Answers color-coded by a green-red scale on the quiz's map according to % correct below.
 
Answer Stats
Answer Population % Correct
Turin 889 600
98%
Tallinn 413 782
97%
Toulouse 466 297
97%
Thessaloniki 354 290
92%
Tirana 374 801
90%
The Hague 515 880
84%
Trondheim 190 464
82%
Trieste 204 234
79%
Tampere 225 485
75%
Turku 186 014
70%
Toulon 165 584
66%
Tiraspol 128 807
65%
Timișoara 315 053
63%
Trento 117 185
63%
Taranto 200 385
62%
Tours 136 125
58%
Tarragona 131 094
54%
Tilburg 210 289
53%
Trier 114 914
50%
Tula 485 930
46%
Tver 416 442
45%
Toruń 202 591
37%
Tarrasa/Terrassa 215 121
33%
Telford 170 300
31%
Tekirdağ 150 112
28%
Ternopil 217 584
26%
Târgu Mureș 134 290
24%
Tychy 128 415
24%
Taganrog 251 050
19%
Torrejón de Ardoz 126 981
16%
No matching quizzes found
Score Distribution
Percent of People with Each Score
Percentile by Number Answered
Your Score History
You have not taken this quiz since the last reset